00387nam a22001457a 4500003000400000008004100004020001800045082001200063100001800075245004300093250001600136260005600152300001100208650002200219OSt250823b |||||||| |||| 00| 0 eng d a9788120743786 a320 JOP aJOHARI, J. C. aPrinciples of Modern Political Science aTen Reprint aGreater Noida,bSterling Publishers Pvt.Ltd,c2023, a660 p. aPolitical Science